mapping land cover of upland area of kampong cham province by using gis and remote sensing technique (ការបង្កើតផែនទីគំរបដីនៅតំបន់ខ្ពង់រាបនៃខេត្តកំពង់ចាមដោយប្រើបច្ចេកទេស gis និង remote sensing) (Record no. 5417)
[ view plain ]
| 000 -LEADER | |
|---|---|
| fixed length control field | 00694nam a22001577a 4500 |
| 003 - CONTROL NUMBER IDENTIFIER | |
| control field | OSt |
| 005 - DATE AND TIME OF LATEST TRANSACTION | |
| control field | 20151231085237.0 |
| 008 - FIXED-LENGTH DATA ELEMENTS--GENERAL INFORMATION | |
| fixed length control field | 151231b xxu||||| |||| 00| 0 eng d |
| 040 ## - CATALOGING SOURCE | |
| Transcribing agency | RUA |
| 082 ## - DEWEY DECIMAL CLASSIFICATION NUMBER | |
| Classification number | LMA SOK 2007 B295 Or.1 |
| 100 ## - MAIN ENTRY--PERSONAL NAME | |
| 9 (RLIN) | 5818 |
| Personal name | SOK, SEYHA. |
| 245 ## - TITLE STATEMENT | |
| Title | mapping land cover of upland area of kampong cham province by using gis and remote sensing technique (ការបង្កើតផែនទីគំរបដីនៅតំបន់ខ្ពង់រាបនៃខេត្តកំពង់ចាមដោយប្រើបច្ចេកទេស gis និង remote sensing) |
| 260 ## - PUBLICATION, DISTRIBUTION, ETC. (IMPRINT) | |
| Place of publication, distribution, etc. | Phnom Penh |
| Name of publisher, distributor, etc. | RUA |
| Date of publication, distribution, etc. | 2007 |
| 300 ## - PHYSICAL DESCRIPTION | |
| Extent | xiii, 55p. |
| Other physical details | ill. |
| Dimensions | 29cm. |
| 942 ## - ADDED ENTRY ELEMENTS (KOHA) | |
| Source of classification or shelving scheme | |
| Koha item type | LMA |
| Price effective from | Date last seen | Permanent Location | Not for loan | Date acquired | Source of classification or shelving scheme | Koha item type | Lost status | Withdrawn status | Date last checked out | Total Checkouts | Shelving location | Damaged status | Barcode | Current Location | Full call number |
|---|---|---|---|---|---|---|---|---|---|---|---|---|---|---|---|
| 2015-12-31 | 2024-04-23 | Library Block B | 2015-12-31 | LMA | 2024-03-22 | 3 | B295 | RUA015907 | Library Block B | LMA SOK 2007 B295 Or.1 | |||||
| 2015-12-31 | 2015-12-31 | Library Block B | 2015-12-31 | LMA | B295 | RUA015908 | Library Block B | LMA SOK 2007 B295 Or.2 | |||||||
| 2015-12-31 | 2024-10-14 | Library Block B | 2015-12-31 | LMA | 2024-09-20 | 5 | B295 | RUA016005 | Library Block B | LMA SOK 2007 B295 Or.3 | |||||
| 2015-12-31 | 2019-05-29 | Library Block B | 2015-12-31 | LMA | 2019-05-03 | 1 | B295 | RUA018946 | Library Block B | LMA SOK 2007 B295 Or.4 | |||||
| 2016-01-06 | 2017-02-15 | Library Block B | 2016-01-06 | LMA | 2017-01-14 | 1 | B295 | RUA015981 | Library Block B | LMA SOK 2007 B295 Or.5 |